000 00151 a2200085 4500
041 _aeng
100 _aDisney, Pixar
245 _aFinding Nemo
942 _cBK
999 _c8313
_d8313